Elements of non-linear functional analysis

Αποθηκεύτηκε σε:
Λεπτομέρειες βιβλιογραφικής εγγραφής
Κύριος συγγραφέας: Graff, Richard A. 1944-
Μορφή: Βιβλίο
Γλώσσα:English
Δημοσίευση: Providence, R.I. : American Mathematical Society, 1978
Σειρά:Memoirs of the American Mathematical Society ; ; 206
Θέματα:
Ετικέτες: Προσθήκη ετικέτας
Δεν υπάρχουν, Καταχωρήστε ετικέτα πρώτοι!

MARC

LEADER 00000cam a2200000 i 4500
001 1/48690
008 941103s1978 eng d
020 |a 0821822063 
035 |l 10043406 
035 |a 1993 
040 |a GR-MY-UA  |b gre  |e aacr 
041 0 |a eng 
082 0 |a 515.7 
100 1 |a Graff, Richard A.  |d 1944- 
245 1 0 |a Elements of non-linear functional analysis /  |c Richard A. Graff 
260 |a Providence, R.I. :   |b American Mathematical Society,   |c 1978 
300 |a xii, 196 p.;  |c 26 cm 
490 1 |a Memoirs of the American Mathematical Society  |v ; 206 
500 |a "Volume 16, issue 1 ... second of 4 numbers." 
500 |a Based on the author's thesis 
504 |a Bibliography: p. 194-196 
650 0 0 |a Functional analysis. 
830 0 |a Memoirs of the American Mathematical Society ;  |v ; 206 
852 |a INST  |b SAMOS  |e 19941103  |h 515.7 GRA  |p 005300007648  |q 005300007648  |t BK  |y 0 
909 |a Σ  |b 033379